Statistics for Germany World Cup 2022 Squad

Click here to take the quiz!

General Stats

  • This quiz has been taken 22 times
  • The average score is 18 of 26

Answer Stats

PositionClubPlayer% Correct
GKBayern MunichManuel Neuer
100%
MFManchester CityIlkay Gundogan
95%
MFBayern MunichLeroy Sane
95%
GKFC BarcelonaMarc-Andre Ter Stegen
95%
MFBayern MunichThomas Muller
95%
MFBayern MunichJoshua Kimmich
89%
FWChelseaKai Havertz
89%
GKEintracht FrankfurtKevin Trapp
89%
FWBayern MunichSerge Gnabry
89%
DFReal MadridAntonio Rudiger
84%
FWWerder BremenNiclas Fullkrug
79%
MFBayern MunichJamal Musiala
68%
MFBayern MunichLeon Goretzka
63%
DFBorussia DortmundNico Schlotterbeck
63%
DFRB LeipzigLukas Klostermann
58%
DFBorussia DortmundNiklas Sule
58%
DFWest Ham UnitedThilo Kehrer
58%
DFRB LeipzigDavid Raum
53%
MFBorussia DortmundJulian Brandt
53%
FWBorussia DortmundKarim Adeyemi
53%
MFEintracht FrankfurtMario Gotze
53%
FWBorussia DortmundYoussoufa Moukoko
53%
DFSouthamptonArmel Bella-Kotchap
47%
MFBorussia MonchengladbachJonas Hofmann
47%
DFSC FreiburgMatthias Ginter
47%
DFSC FreiburgChristian Gunter
37%

Score Distribution

Percentile by Number Answered

Percent of People with Each Score

Your Score History

You have not taken this quiz